Statistics for Marvel Civil War

Click here to take the quiz!

General Stats

  • This quiz has been taken 217 times
    (156 since last reset)
  • The average score is 12 of 14

Answer Stats

HintAnswer% Correct
Steve RogersCaptain America
100%
Tony StarkIron Man
100%
Natasha RomanovaBlack Widow
99%
Peter ParkerSpiderman
98%
Clint BartonHawkeye
97%
Scott LangAnt Man
95%
T ChallaBlack Panther
95%
Sam WilsonFalcon
95%
Bucky BarnesWinter Soldier
95%
Wanda MaximoffScarlet Witch
93%
James RhodesWar Machine
89%
JARVISVision
88%
Sharon CarterAgent 13
53%
Brock RumlowCrossbones
46%

Score Distribution

Percentile by Number Answered

Percent of People with Each Score

Your Score History

You have not taken this quiz since the last reset